000 00468nam a2200181Ia 4500
005 20250508154834.0
008 008 250505s9999 xx 000 0 eng d
037 _aTextual
040 _aFEDL
_beng
_cFEDL
041 _aeng
_2eng
084 _aB, RAN
_qFEDL
100 _aRanga N G
_9120813
245 0 _aFight for freedom
260 _aDelhi, India
_bS Chand and Co
_c1968
300 _axv,560p.
942 _cTEXL
_hB, RAN
999 _c1352412
_d1352412